000 00329nam a2200145Ia 4500
100 _aJohannesson/Rolf
942 _cBK
654 _aconvolutional coding
245 _aFundamentals of convolutional coding
260 _bUniversities Press
_c2001
082 _a511.33
_bJOH
300 _a426
546 _aENGLISH
999 _c23925
_d23925